| 000 | 00850nam a22002175i 4500 | ||
|---|---|---|---|
| 001 | 156545 | ||
| 003 | ES-MaACL | ||
| 005 | 20250804062751.0 | ||
| 008 | 941129s1845 fr |||| | fre d | ||
| 040 |
_aCLM _bspa |
||
| 100 | 1 |
_aKant, Immanuel, _d1724-1804 _9222608 |
|
| 245 | 1 | 0 |
_aCritique de la raison pure / _cpar Emm. Kant. |
| 250 |
_a2e éd. en français _bretraduite sur la première édition allemande par J. Tissot. |
||
| 260 |
_aParis : _bLibrairie Philosophique de Ladrange, _c1845 ( _eCorbeil : _fImp. de Crété) |
||
| 300 |
_a2 v. ; _c21 cm. |
||
| 594 | 1 | _aContenant tous les changements faits par l'auteur dans la sécond édition, des notes et une biographie de Kant. | |
| 650 | 7 |
_aFilosofía _2embne _912802 |
|
| 700 | 1 |
_aTissot, J. _9133274 |
|
| 852 |
_aES-MaACL _jF-7156-57 _z-- Enc. hol. |
||
| 999 |
_c156545 _d156545 |
||